Κατάλογος Βιβλιοθηκών Mediterranean College

Εγχειρίδιο εκπόνησης οικονομοτεχνικών μελετών : (Record no. 9904)

MARC details
000 -LEADER
fixed length control field 04355nam a22002297a 4500
003 - ΤΑΥΤΟΤΗΤΑ ΤΟΥ ΑΡΙΘΜΟΥ ΕΛΕΓΧΟΥ
Πεδίο ελέγχου GR-AtMCL
005 - ΗΜΕΡΟΜΗΝΙΑ ΚΑΙ ΩΡΑ ΤΕΛΕΥΤΑΙΑΣ ΕΝΗΜΕΡΩΣΗΣ
Πεδίο ελέγχου 20250829115032.0
006 - FIXED-LENGTH DATA ELEMENTS--ADDITIONAL MATERIAL CHARACTERISTICS
Πεδίο ελέγχου σταθερού μήκους a|||||r|||||||||||
008 - FIXED-LENGTH DATA ELEMENTS--GENERAL INFORMATION
Πεδίο ελέγχου σταθερού μήκους 250829p2024 |||f|||| |||| 00| 0 eng d
020 ## - ISBN
ISBN 9786182021552
040 ## - ΠΗΓΗ ΚΑΤΑΛΟΓΟΓΡΑΦΗΣΗΣ
Γλώσσα καταλογογράφησης Ελληνικά, Μοντέρνα (1453-)
Φορέας πρωτότυπης καταλογογράφησης MC Athens Campus Library
Modifying agency MC Athens Campus Library
Κανόνες περιγραφικής καταλογογράφησης AACR2
100 ## - MAIN ENTRY--PERSONAL NAME
Personal name Νικολαΐδης, Μιχαήλ
Σχέση Συγγραφέας
9 (RLIN) 10041
245 00 - ΤΙΤΛΟΣ ΚΑΙ ΔΗΛΩΣΗ ΥΠΕΥΘΥΝΟΤΗΤΑΣ
Τίτλος Εγχειρίδιο εκπόνησης οικονομοτεχνικών μελετών :
Remainder of title Έμφαση στην χρηματοδότηση και αξιολόγηση παραγωγικών επενδυτικών σχεδίων /
Statement of responsibility, etc. Μιχαήλ Νικολαΐδης, Χρήστος Γκρος
250 ## - EDITION STATEMENT
Edition statement 5η έκδ.
260 ## - PUBLICATION, DISTRIBUTION, ETC.
Place of publication, distribution, etc. Θεσσαλονίκη :
Name of publisher, distributor, etc. Δίσιγμα,
Date of publication, distribution, etc. 2024
300 ## - PHYSICAL DESCRIPTION
Extent 564 σ. ;
Διαστάσεις 29 εκ.
520 ## - SUMMARY, ETC.
Summary, etc. Η έκδοση του παρόντος έργου έχει σκοπό την παρουσίαση εξειδικευμένων εμπειριών-τεχνικών, με κατανοητό και απλό τρόπο, καθώς και όλων των επιμέρους χαρακτηριστικών-μεθόδων που διέπουν την κατάρτιση και αξιολόγηση των επενδύσεων. Επιπρόσθετα, δίνονται παραδείγματα εκπόνησης οικονομοτεχνικών μελετών με ικανοποιητικό βάθος ανάλυσης, καθώς και τρόποι υπολογισμού, ανάλυσης και προϋπολογισμού των βασικών οικονομικών μεγεθών που συνδέονται με το αντικείμενο των μελετών αυτών. Το έργο αυτό συντάχθηκε για όσους εκπονούν οικονομοτεχνικές μελέτες, καθώς και για τους φοιτητές των πανεπιστημίων. Έχει βασικό σκοπό να προσεγγίσει θεωρητικά αλλά και πρακτικά την τεχνική εκπόνηση, χρηματοδότηση και αξιολόγηση των προγραμμάτων ΕΣΠΑ, καθώς και των επενδυτικών σχεδίων, όπως προβλέπεται από τον νέο αναπτυξιακό νόμο 4887/22. Πόσο απαραίτητη είναι η υλοποίηση επενδύσεων πιστεύουμε ότι δεν χρειάζεται ιδιαίτερη μνεία, αφού η πολιτεία και η ΕΕ ανακοινώνουν συνεχώς μέτρα ενίσχυσής τους, προκειμένου να δημιουργηθούν θέσεις εργασίας, να βελτιωθεί η παραγωγικότητα και η ανταγωνιστικότητα, καθώς και το επίπεδο ανάπτυξης της οικονομίας. Ιδιαίτερα σημαντικό είναι η χώρα μας να κάνει χρήση των διεθνώς αναγνωρισμένων επιστημονικών μεθοδολογιών και τεχνικών σχετικά με τις επενδύσεις, μιας και η πλειονότητα των επιχειρηματιών παίρνουν επενδυτικές αποφάσεις με γνώμονα το ένστικτο και την εμπειρία. Την παραπάνω άποψη ενισχύει το γεγονός ότι οι επικρατούσες οικονομικές και λοιπές συνθήκες δεν είναι ευνοϊκές ή κατάλληλες για υλοποίηση βιώσιμων επενδύσεων. Γι' αυτούς τους λόγους, ο κίνδυνος δημιουργίας νέων προβληματικών επιχειρήσεων είναι άμεσα ορατός, εκτός εάν οι εμπλεκόμενοι φορείς προωθήσουν επενδύσεις, των οποίων οι προσδοκίες έχουν μελετηθεί-εκτιμηθεί με επαρκή επιστημονική μεθοδολογία, και εάν η πολιτεία διασφαλίσει ένα σταθερό και ελκυστικό κλίμα.
650 #0 - SUBJECT ADDED ENTRY--TOPICAL TERM
Topical term or geographic name entry element Διοίκηση Επιχειρήσεων
9 (RLIN) 9939
700 ## - ΠΡΟΣΘΕΤΗ ΑΝΑΓΡΑΦΗ--ΦΥΣΙΚΟ ΠΡΟΣΩΠΟ
Personal name Γκρος, Χρήστος
9 (RLIN) 10042
942 ## - ADDED ENTRY ELEMENTS (KOHA)
Koha item type Books
Holdings
Τύπος τεκμηρίου Βιβλιοθήκη Τρέχουσα τοποθεσία Barcode Αριθμός εισαγωγής Ημερομηνία απόκτησης Ταξιθετικό σύμβολο Αριθμός αντιτύπου Κατάσταση απόσυρσης Κατάσταση χαμένου Κατάσταση κατεστραμμένου Μη δανεισμός Σύνολο δανεισμών Ημερομηνία τελευταίας εμφάνισης Η τιμή ισχύει από
Books MC Athens Campus Library MC Athens Campus Library 9780000098733 8060 29/08/2025 658.4012 ΝΙΚ 2           29/08/2025 29/08/2025

MC Athens Campus Library
Πατησίων 94 & Κοδριγκτώνος 13, 104 34
Πελλήνης 8 & Πατησίων 107, 112 51
Τ: +30 210 8899600

MC Thessaloniki Campus Library
Ίωνος Δραγούμη 21, 54625 | Ίωνος Δραγούμη 15, 54625
Τ: +30 2310 287779 – Τ: +30 2314 440300